000
00227nam a22000857a 4500
008
170613b xxu||||| |||| 00| 0 eng d
100
_9
3373
_a
Aggarwal. K
245
_a
English course with activities
260
_a
New Delhi
_b
Prachi
_c
2010
999
_c
6710
_d
6710